00970nam a22001577a 450000500170000000800410001702000150005805000140007310000180008724500880010526000300019330000340022350000350025750505000029270000200079220210414113907.0111219t xxu||||| |||| 00| 0 eng d a186152918x aHB615.B63 aBolton, Bill. aThe entrepreneur in focus: achieve your potential. /cBill Bolton and John Thomson. aLondon :bThomson,c2003. axii, 276 p. :bill. ;c24 cm. aIncludes references and index. aContents: The entrepreneur in focus -- The potential entrepreneur -- The proven entrepreneur -- Conventional wisdom -- But what is an entrepreneur? -- The spirit of the entrepreneur -- The 'facets' of the entrepreneur -- Focus -- Advantage -- Creativity -- Ego -- Team -- Social -- Applying the facets -- Some real entrepreneurs -- Releasing the entrepreneur -- Releasing the corporate entrepreneur -- What entrepreneurs do -- Airline entrepreneurs -- Retail entrepreneurs -- Now it's your turn. aThompson, John.